[Event "Challenge"]
[Site "http://www.queenalice.com/game.php?id=341257"]
[Date "2008.1.23"]
[Round "-"]
[White "Harama"]
[Black "gustavorflores"]
[Result "1-0"]
[WhiteElo "1547"]
[BlackElo "954"]

1. d4 Nc6 2. Bf4 e5 3. Be3 Bb4+ 4. c3 Be7 5. dxe5 Nh6 6. Qd2 b6 7. g3 Nxe5 8.
Qd4 d6 9. Bg2 Rb8 10. Qa4+ c6 11. Qxa7 Be6 12. f4 Nc4 13. Bd4 Nf5 14. Bf2 b5 15.
Bxc6+ Kf8 16. Bb6 Qc8 17. Bc7 Nd4 18. cxd4 g5 19. Bxb8 Qxc6 20. Nf3 Kg7 21. Qxe7
Rxb8 22. Nxg5 Bf5 23. Rf1 Nxb2 24. Nxf7 b4 25. Ne5+ Kh8 26. Nxc6 Rc8 27. Qxd6
Be4 28. Qf6+ Kg8 29. Ne7# 1-0

[Event "Challenge"]
[Site "http://www.queenalice.com/game.php?id=341652"]
[Date "2008.1.23"]
[Round "-"]
[White "gustavorflores"]
[Black "kasimdzhanov"]
[Result "0-1"]
[WhiteElo "1008"]
[BlackElo "1927"]

1. d4 Nf6 2. Nc3 d5 3. Bg5 Bf5 4. Nb5 Nbd7 5. e3 e5 6. dxe5 Nxe5 7. a4 Be7 8.
Bd3 Bg4 9. f3 Bh5 10. Ra3 a6 11. Nd4 Bxa3 12. bxa3 O-O 13. Nge2 c5 14. Nf5 Bg6
15. f4 Nxd3+ 16. Qxd3 c4 17. Qd4 Bxf5 18. Bxf6 Qxf6 19. e4 Qxd4 20. Nxd4 Bxe4
21. h4 Bxg2 22. Rg1 Be4 23. Rg5 Rfe8 24. c3 h6 25. Re5 Rxe5 26. fxe5 Rb8 27. Ne2
b5 28. h5 bxa4 29. Nd4 Rb3 30. Kf2 Rxa3 31. e6 fxe6 32. Nxe6 Rxc3 33. Nc5 a3 34.
Na4 a2 35. Nxc3 a1=Q 36. Nxe4 dxe4 0-1

[Event "Challenge"]
[Site "http://www.queenalice.com/game.php?id=342125"]
[Date "2008.1.24"]
[Round "-"]
[White "gustavorflores"]
[Black "RocketJoe"]
[Result "0-1"]
[WhiteElo "1009"]
[BlackElo "1399"]

1. d3 e6 2. c3 Bd6 3. Qb3 Nf6 4. Bg5 O-O 5. Nf3 h6 6. Bh4 c5 7. Nbd2 Qb6 8. Nc4
Qa6 9. Bg3 Ne8 10. a4 Nc6 11. Nxd6 Nxd6 12. Bxd6 Na5 13. Qa3 Qxd6 14. d4 b6 15.
Rd1 Nc4 16. Qa2 Qd5 17. e3 Na5 18. Ra1 g5 19. h4 g4 20. Nd2 f5 21. Be2 Qxg2 22.
Rf1 g3 23. Bf3 Qh3 24. Rh1 g2 25. Rg1 Ba6 26. Rxg2+ Kh8 27. Rg1 Rab8 28. Rh1 Rg8
29. Rxh3 Rg1+ 30. Nf1 Rxf1+ 31. Kd2 Rxa1 32. Qxa1 Nb3+ 33. Ke1 Nxa1 34. Bd1 Rg8
35. Rg3 Rg4 36. h5 Bc4 37. Rg1 Rxg1+ 38. Kd2 Rf1 39. f3 Rf2+ 40. Kc1 Nb3+ 41.
Bxb3 Bxb3 42. f4 Re2 43. dxc5 bxc5 44. a5 Rxe3 45. a6 c4 46. Kd2 Re4 47. Kc1
Rxf4 48. Kd2 Rf2+ 49. Ke3 Rxb2 50. Kd4 Re2 51. Kc5 f4 52. Kd6 Rd2+ 53. Ke7 f3
54. Kf6 f2 55. Kg6 f1=Q 56. Kxh6 Qf6# 0-1

[Event "AUTO-OPEN-1027"]
[Site "http://www.queenalice.com/game.php?id=359484"]
[Date "2008.2.23"]
[Round "1"]
[White "piotrek3054"]
[Black "gustavorflores"]
[Result "1-0"]
[WhiteElo "1755"]
[BlackElo "1042"]

1. d4 d5 2. c4 e6 3. Nf3 c6 4. Nc3 h5 5. e3 dxc4 6. Bxc4 b5 7. Bd3 f6 8. Bg6+
Ke7 9. e4 b4 10. Ne2 Rh6 11. Bxh6 Nxh6 12. Qb3 Kd7 13. O-O-O Ba6 14. Ne5+ fxe5
15. dxe5+ Kc8 16. Qxe6+ Nd7 17. Be8 Bxe2 18. Rxd7 Rb8 19. Rxd8+ Kxd8 20. Qd7#
1-0

[Event "AUTO-OPEN-1027"]
[Site "http://www.queenalice.com/game.php?id=359485"]
[Date "2008.2.23"]
[Round "1"]
[White "gustavorflores"]
[Black "piotrek3054"]
[Result "0-1"]
[WhiteElo "1042"]
[BlackElo "1772"]

1. e4 c5 2. Bc4 e6 3. h4 d5 4. Bb5+ Bd7 5. a4 Bxb5 6. b3 Qf6 7. Ra3 Ba6 8. d3
dxe4 9. dxe4 c4 10. Rh3 Bc5 11. Be3 Bxe3 12. fxe3 cxb3 13. Rxb3 Qf1+ 14. Kd2
Qxg2+ 15. Kc3 Qxe4 16. Kb2 Nf6 17. Rc3 O-O 18. Rd3 Bxd3 19. cxd3 Qb4+ 20. Kc2
Rc8+ 21. Nc3 Qxc3+ 0-1

[Event "AUTO-OPEN-1027"]
[Site "http://www.queenalice.com/game.php?id=359512"]
[Date "2008.2.23"]
[Round "1"]
[White "gustavorflores"]
[Black "kudd"]
[Result "0-1"]
[WhiteElo "1009"]
[BlackElo "1436"]

1. e4 e5 2. d3 Nc6 3. h4 d6 4. Nc3 Nf6 5. Bg5 h6 6. Be3 Ng4 7. Be2 h5 8. a4 Qf6
9. Nh3 Qxh4 10. Ra3 Nd4 11. a5 a6 12. Nd5 Kd8 13. c3 Nb5 14. g3 Nxe3 15. fxe3
Qxg3+ 16. Nf2 Nxa3 17. bxa3 Be6 18. Qb3 h4 19. Qxb7 Rc8 20. Qxa6 Bxd5 21. exd5
h3 22. Rxh3 Qg1+ 23. Bf1 Rg8 24. Rh4 Be7 25. Qc4 Bxh4 26. Qxh4+ f6 27. Qg4 Qxg4
28. Nxg4 Ra8 29. d4 Rxa5 30. c4 Rxa3 31. e4 Ra4 32. Ne3 Rh8 33. Nf5 Rh1 34. Nxg7
Ra1+ 35. Ke2 Rhxf1 36. dxe5 Rae1+ 37. Kd2 Rxe4 38. e6 Rd4+ 39. Kc3 Rg4 40. e7+
Kxe7 41. Kb4 Rxg7 42. Ka5 Rb1 43. c5 dxc5 44. Ka6 Rg2 45. d6+ cxd6 46. Ka5 Ra2#
0-1

[Event "AUTO-OPEN-1027"]
[Site "http://www.queenalice.com/game.php?id=359513"]
[Date "2008.2.23"]
[Round "1"]
[White "kudd"]
[Black "gustavorflores"]
[Result "1-0"]
[WhiteElo "1445"]
[BlackElo "1008"]

1. e4 e5 2. Bc4 d6 3. Qf3 Be6 4. b3 Nf6 5. Nh3 d5 6. Bd3 Bb4 7. a3 Bf8 8. Nc3
Na6 9. O-O h5 10. Ng5 Nc5 11. b4 Na6 12. h3 c6 13. Bxa6 bxa6 14. d3 d4 15. Na4
Rh6 16. Qe2 Rg6 17. Re1 Rxg5 18. Bxg5 Bd6 19. Rac1 h4 20. Bxh4 a5 21. c3 g6 22.
c4 Ke7 23. Qd2 Qh8 24. Bg3 Rb8 25. c5 Bc7 26. bxa5 Rb3 27. Ra1 Rb4 28. Qxb4 g5
29. Qb7 Kd7 30. Bxe5 Qd8 31. Qxa7 Ne8 32. Qb7 Ke7 33. a6 Kf8 34. a7 Bc8 35. Qxc6
Bxe5 36. a8=Q Nc7 37. Qb8 Ke7 38. Qb3 f5 39. Qh6 Be6 40. Qc2 Qf8 41. Qxg5+ Bf6
42. Qf4 Kd8 43. c6 Qe8 44. Rab1 Qf8 45. Rb8+ Bc8 46. Qb2 Ne6 47. Qxf5 Ng7 48.
Qxc8+ Ke7 49. Qxf8+ Ke6 50. Qb3+ Ke5 51. Qb5+ Ke6 52. Rb7 Be5 53. Qd5# 1-0

[Event "AUTO-OPEN-1027"]
[Site "http://www.queenalice.com/game.php?id=359514"]
[Date "2008.2.23"]
[Round "1"]
[White "gustavorflores"]
[Black "SGF"]
[Result "0-1"]
[WhiteElo "1009"]
[BlackElo "1589"]

1. Nc3 e5 2. e4 Qf6 3. Nd5 Qd6 4. c4 c5 5. Nf3 Nf6 6. Qa4 Nxe4 7. d3 Nf6 8. Bg5
Nxd5 9. cxd5 Qxd5 10. Rd1 h6 11. Be3 b6 12. g4 Qxf3 13. Rg1 h5 14. d4 exd4 15.
Bd2 hxg4 16. Bg5 Rxh2 17. Rd2 Bd6 18. Re2+ Kf8 19. Qa3 Ba6 20. Bd2 Bxe2 21. Bxe2
Qxf2+ 22. Kd1 Qxg1+ 23. Be1 Bg3 24. Qxg3 Rg2 25. Qf3 gxf3 26. Bxf3 Rxb2 27. Bxa8
Rb1+ 28. Ke2 Qxe1+ 29. Kf3 Qe3+ 30. Kg4 Rg1+ 31. Kh5 Qh3# 0-1

[Event "AUTO-OPEN-1027"]
[Site "http://www.queenalice.com/game.php?id=359515"]
[Date "2008.2.23"]
[Round "1"]
[White "SGF"]
[Black "gustavorflores"]
[Result "1-0"]
[WhiteElo "1587"]
[BlackElo "1009"]

1. e4 e5 2. Qh5 g6 3. Qxe5+ Qe7 4. Qxh8 Nf6 5. Nc3 d6 6. d3 c6 7. Bg5 Nbd7 8.
Nf3 Kd8 9. Bh6 d5 10. Ng5 a5 11. Nxh7 Kc7 12. Nxf8 Nxf8 13. Bxf8 Qb4 14. Bxb4
axb4 15. Qxf6 Bd7 16. exd5 bxc3 17. Qxc3 Bg4 18. Qc5 Re8+ 19. Kd2 Rd8 20. dxc6
bxc6 21. d4 f5 22. Re1 Rd5 23. Re7+ Kd8 24. Ba6 Rxc5 25. Rhe1 Rd5 26. Re8+ Kd7
27. Bc8+ Kc7 28. R1e7+ Kb6 29. Rb7+ Ka5 30. Bd7 Rxd4+ 31. Kc3 Rd1 32. Ra8# 1-0

[Event "Challenge"]
[Site "http://www.queenalice.com/game.php?id=368131"]
[Date "2008.3.9"]
[Round "-"]
[White "cams"]
[Black "gustavorflores"]
[Result "0-1"]
[WhiteElo "1173"]
[BlackElo "1006"]

1. d4 g6 2. e3 f5 3. Nf3 b6 4. Bc4 d6 5. O-O c5 6. b3 Ba6 7. a4 e5 8. dxe5 dxe5
9. Nxe5 Nh6 10. Nxg6 hxg6 11. Bd2 Rh7 12. b4 Bxc4 13. Re1 Rd7 14. Ra3 cxb4 15.
Ra2 Bxa2 16. c4 Ng4 17. f3 Bxb1 18. Qxb1 Rxd2 19. e4 Bc5+ 20. Kh1 Qh4 21. Qc1
Qxh2# 0-1

[Event "AUTO-OPEN-1054"]
[Site "http://www.queenalice.com/game.php?id=370742"]
[Date "2008.3.14"]
[Round "1"]
[White "gustavorflores"]
[Black "chapichapo"]
[Result "0-1"]
[WhiteElo "1042"]
[BlackElo "1693"]

1. Nc3 e5 2. d3 Bc5 3. Be3 Bxe3 4. fxe3 Nc6 5. d4 exd4 6. exd4 Qh4+ 7. Kd2 Qxd4+
8. Kc1 Qf2 9. a4 Nf6 10. Nh3 Qe3+ 11. Kb1 d6 12. Ra3 Bxh3 13. gxh3 O-O-O 14. Nb5
Qe4 15. Rg1 g6 16. Bg2 Qe5 17. Qd2 Qxh2 18. Qd1 Rhe8 19. Rf3 Ne4 20. Rxf7 Rd7
21. Rf6 Nxf6 22. e3 Rxe3 23. Qf1 Ne4 24. Rh1 Nd2+ 25. Kc1 Nxf1 26. Rxh2 Nxh2 27.
Bd5 Nb4 28. Bg2 Rde7 29. Kd2 Re2+ 30. Kc3 a5 31. Bh1 R7e3+ 32. Kd4 c5+ 0-1

[Event "AUTO-OPEN-1054"]
[Site "http://www.queenalice.com/game.php?id=370757"]
[Date "2008.3.14"]
[Round "1"]
[White "rrainey22"]
[Black "gustavorflores"]
[Result "1-0"]
[WhiteElo "1780"]
[BlackElo "1042"]

1. e4 e5 2. d4 d6 3. d5 b6 4. Bb5+ Bd7 5. a4 Nf6 6. f3 a6 7. Bd3 Bxa4 8. Rxa4 b5
9. Bxb5+ Ke7 10. Qe2 Ra7 11. Bxa6 c6 12. dxc6 Nxc6 13. Qb5 Kd7 14. Be3 Qc7 15.
Bxa7 Qxa7 16. Bb7 Qc5 17. Bxc6+ Qxc6 18. Ra7+ Ke6 19. Qxc6 1-0

[Event "AUTO-OPEN-1054"]
[Site "http://www.queenalice.com/game.php?id=370758"]
[Date "2008.3.14"]
[Round "1"]
[White "gustavorflores"]
[Black "rrainey22"]
[Result "0-1"]
[WhiteElo "1042"]
[BlackElo "1778"]

1. Nf3 f6 2. d4 d5 3. Nc3 c6 4. Bf4 g5 5. Bg3 Nd7 6. e4 h5 7. Nd2 h4 8. exd5
cxd5 9. Nxd5 hxg3 10. fxg3 e6 11. Nc3 a6 12. g4 Nb6 13. Bc4 Qxd4 14. Qf3 Nxc4
15. Nxc4 Qxc4 16. b3 Qd4 17. Rd1 Qe5+ 18. Qe2 Qxc3+ 19. Rd2 Qa1+ 20. Rd1 Qxa2
21. Rd4 Qa1+ 0-1

[Event "AUTO-BEG-196"]
[Site "http://www.queenalice.com/game.php?id=371466"]
[Date "2008.3.15"]
[Round "1"]
[White "helderfreitas"]
[Black "gustavorflores"]
[Result "1-0"]
[WhiteElo "1076"]
[BlackElo "1067"]

1. d4 d5 2. e3 h5 3. Nf3 c6 4. Ng5 f6 5. Nf3 e5 6. Nh4 b5 7. Ng6 Bg4 8. Be2 Rh6
9. Nh4 Bb4+ 10. c3 Bd6 11. g3 c5 12. Qb3 c4 13. Qxb5+ 1-0

[Event "AUTO-BEG-196"]
[Site "http://www.queenalice.com/game.php?id=371467"]
[Date "2008.3.15"]
[Round "1"]
[White "gustavorflores"]
[Black "helderfreitas"]
[Result "0-1"]
[WhiteElo "1051"]
[BlackElo "1092"]

1. d4 d5 2. Bf4 b6 3. g3 e6 4. Bh3 Nf6 5. c3 Ba6 6. f3 Qd7 7. g4 Qb5 8. Bxc7
Qxb2 9. Nd2 Qxc3 10. e3 Bb4 11. Ne2 Nc6 12. Nxc3 Bxc3 13. e4 O-O 0-1

[Event "AUTO-BEG-196"]
[Site "http://www.queenalice.com/game.php?id=371486"]
[Date "2008.3.15"]
[Round "1"]
[White "gustavorflores"]
[Black "Tanatos"]
[Result "0-1"]
[WhiteElo "1042"]
[BlackElo "1586"]

1. e4 Nf6 2. d3 e5 3. f4 Bd6 4. f5 O-O 5. b3 Bc5 6. Nf3 Ng4 7. h3 Nf2 8. Qe2
Nxh1 9. Nxe5 Qh4+ 10. Kd1 Nf2+ 11. Ke1 Nxd3+ 12. Kd1 Bd4 13. c3 Nf4 14. cxd4
Nxe2 15. Bxe2 Qxe4 16. Bc4 Qxd4+ 17. Nd2 Qxa1 18. Ne4 Qd4+ 0-1

[Event "AUTO-BEG-196"]
[Site "http://www.queenalice.com/game.php?id=371487"]
[Date "2008.3.15"]
[Round "1"]
[White "Tanatos"]
[Black "gustavorflores"]
[Result "1-0"]
[WhiteElo "1579"]
[BlackElo "1042"]

1. e4 e5 2. Nf3 c6 3. Nxe5 Bd6 4. Nc4 Nf6 5. d3 Na6 6. Nxd6+ Kf8 7. e5 Qa5+ 8.
c3 Ne8 9. Nxe8 Kxe8 10. b4 Qd5 11. d4 d6 12. exd6 Qe4+ 13. Be2 Qxg2 14. Bf3 Qh3
15. Qe2+ Be6 16. d5 cxd5 17. Qb5+ Bd7 18. Qxb7 Qxf3 19. Qxa8+ Bc8 20. Qxc8# 1-0